000 00886nam a22002417a 4500
003 LK-CoDNM
005 20241122123634.0
008 241015b |||||||| |||| 00| 0 eng d
040 _aLK-CoDNM
_dLK-CoDNM
_eLK-CoDNM
041 _asin
080 _aප්‍ර.අ.
_b7.a
100 _aඩී. ඊ. කරන්නාගොඩ
245 _aඅධ්‍යාපනොදය-1948
_b1 කාණ්ඩය 2 කලාපය
260 _aමොරටුව
_bස්වීය මුද්‍රණාලය
_c1948
300 _b18p. ; 24 cm
500 _aත්‍රෛමාසික සගරාව
650 _aඅධ්‍යාපනොදය-1948
650 _a1 කාණ්ඩය 2 කලාපය
650 _aප්‍ර.අ. 7.a
650 _aත්‍රෛමාසික සගරාව
650 _aඩී. ඊ. කරන්නාගොඩ
942 _cBK
999 _c232335
_d232335